000 00260nam a22001217a 4500
008 181016b xxu||||| |||| 00| 0 eng d
041 _aeng
080 _a820
100 _a21
101 _aGJL
245 _aRenaissance Papers 2005
_cCobb,Ch
942 _2udc
_cBK
999 _c49913
_d49913